Statistiken für Straßenbahnhaltestellen in Chemnitz

Klicken Sie hier um das Quiz zu spielen!

Allgemein

  • Dieses Quiz wurde 34 mal gespielt
  • Das Durchschnittsergebnis liegt bei 25 aus 65

Antwortstatistiken

Linie/nHaltestelle% Korrekt
1, 2, 3, 4, 5, 6Zentralhaltestelle
96%
3, 4, 6Hauptbahnhof
78%
1, 3, 4, 6Roter Turm
74%
6Altchemnitz
65%
2Bernsdorf
65%
3, 4, 6Hauptbahnhof, Bahnhofstraße
65%
1Schönau
65%
1, 4Falkeplatz/Museum Gunzenhauser
61%
5Gablenz
61%
1Industriemuseum
61%
3, 4, 6Omnibusbahnhof
61%
3Technopark
61%
1Guerickestraße/Messe Chemnitz
57%
4, 5Hutholz
57%
2, 3Annenstraße
52%
1Marianne-Brandt-Straße
52%
3, 4, 6Theaterplatz
52%
3TU Campus
52%
4Ikarus
48%
1Reichsstraße
48%
6Alt Chemnitz Center
43%
4Bahnhof Mitte
43%
2, 3Bernsbachplatz
43%
5, 6Moritzhof
43%
4Am Flughafen
39%
1, 2Brückenstraße/Freie Presse
39%
5, 6Gustav-Freytag-Straße
39%
5, 6Rößlerstraße
39%
5, 6Treffurthstraße
39%
5Arthur-Strobel-Straße
35%
5Gablenzplatz
35%
4Goetheplatz
35%
4Irkutsker Straße
35%
1Kappler Drehe
35%
2Lutherstraße
35%
5Nürnberger Straße
35%
5Pappelhain
35%
5, 6Schule Altchemnitz
35%
2Augsburger Straße
30%
5eins energie in sachsen
30%
2Gutenbergstraße
30%
4, 5Morgenleite
30%
3Stadlerplatz
30%
5, 6Uhlestraße
30%
1Am Feldschlößchen
26%
5, 6Erdmannsdorfer Straße
26%
4, 5Ernst-Wabra-Straße
26%
4Haydnstraße
26%
4, 5Johann-Richter-Straße
26%
4Parkstraße
26%
5, 6Scheffelstraße
26%
4Südring
26%
5VITA-CENTER
26%
2Wartburgstraße
26%
5Zieschestraße/Schauspielhaus
26%
4Doktor-Salvador-Allende-Straße
22%
5Reineckerstraße
22%
4Heiterer Blick
17%
5Markersdorfer Straße
17%
3Rosenbergstraße
17%
6Schneeberger Straße
17%
5Dittersdorfer Straße
13%
5Robert-Siewert-Straße
13%
2, 5Moritzstraße
0%
5Tschaikowsistraße
0%

Verteilung der Resultate

Perzentil nach korrekt beantworteten Fragen

Anzahl Personen mit jedem Resultat

Ihre Resultats-Entwicklung

Sie haben dieses Quiz noch nicht gespielt